| 000 | 00707nam a2200217 a 4500 | ||
|---|---|---|---|
| 001 | BRCA_1392 | ||
| 005 | 20190320203415.0 | ||
| 008 | 830817s1982 mx-#---##b---f000-0#spa-# | ||
| 020 | _a9681611977 (Obra completa) | ||
| 050 | 4 |
_aF1211 _b.G53 1982 |
|
| 100 | 1 |
_aGlantz, Margo _94555 |
|
| 245 | 1 | 0 |
_aViajes en México _bcrónicas extranjeras _cselección, traducción e introducción de Margo Glantz. |
| 260 |
_aMéxico _bFCE _c1982 |
||
| 300 |
_a2 v. _c17 cm. |
||
| 440 | 0 |
_aSEP/80 _v34 _94556 |
|
| 504 | _aBibliografía: p. 679-680 | ||
| 650 | 1 | 4 |
_aViajeros _xHistoria _ySiglo XIX _zMéxico _94557 |
| 651 | 4 |
_aMéxico _xDescripción y viajes _9103 |
|
| 653 | 0 | _aViajeros extranjeros en México | |
| 942 |
_2lcc _cB |
||
| 999 |
_c1254 _d1254 |
||